平成に単独市制施行した市 - Statistics

General Stats
  • This quiz has been taken 184 times
  • The average score is 17 of 29
Answer Stats
都道府県 施行年月日 % Correct
岩手県 滝沢市 2014年1月1日
85%
福岡県 那珂川市 2018年10月1日
82%
宮城県 富谷市 2016年10月10日
81%
石川県 野々市市 2011年11月11日
77%
愛知県 長久手市 2012年1月4日
76%
和歌山県 岩出市 2006年4月1日
74%
埼玉県 白岡市 2012年10月1日
71%
沖縄県 豊見城市 2002年4月1日
70%
千葉県 大網白里市 2013年1月1日
69%
北海道 北広島市 1996年9月1日
67%
滋賀県 栗東市 2001年10月1日
67%
千葉県 白井市 2001年4月1日
60%
愛知県 みよし市 2010年1月4日
58%
千葉県 富里市 2002年4月1日
57%
千葉県 印西市 1996年4月1日
55%
京都府 京田辺市 1997年4月1日
54%
北海道 石狩市 1996年9月1日
53%
東京都 羽村市 1991年11月1日
50%
千葉県 八街市 1992年4月1日
50%
茨城県 守谷市 2002年2月2日
49%
奈良県 香芝市 1991年10月1日
47%
埼玉県 吉川市 1996年4月1日
47%
福岡県 古賀市 1997年10月1日
45%
大阪府 阪南市 1991年10月1日
41%
埼玉県 鶴ヶ島市 1991年9月1日
40%
愛知県 日進市 1994年10月1日
40%
埼玉県 日高市 1991年10月1日
39%
千葉県 袖ケ浦市 1991年4月1日
37%
福岡県 前原市 1992年10月1日
31%
No matching quizzes found
Score Distribution
Percent of People with Each Score
Percentile by Number Answered
Your Score History
You have not taken this quiz